| 000 | 02185cam a22004934i 4500 | ||
|---|---|---|---|
| 003 | PE-LiUPU | ||
| 005 | 20250731173311.0 | ||
| 008 | 150616s1975 ag rb 000 0 spa d | ||
| 035 | _a(Sirsi) a3695 | ||
| 040 |
_aPE-LiUPU _bspa _cPE-LiUPU _erda |
||
| 049 | _aPRUA | ||
| 082 | 0 | 4 |
_a286 _bE92 _221 |
| 100 | 1 |
_aEstep, William R., _eautor. |
|
| 245 | 1 | 0 | _aRevolucionarios del siglo XVI: historia de los Anabautistas. |
| 264 | 1 |
_a[Buenos Aires] : _bCasa Bautista de Publicaciones, _c1975. |
|
| 300 |
_a224 páginas ; _c21 centímetros |
||
| 336 |
_atext _2rdacontent |
||
| 337 |
_aunmediated _2rdamedia |
||
| 338 |
_avolume _2rdacarrier |
||
| 504 | _aNotas Bibliograficas. | ||
| 505 | 0 | _aEl nacimiento del Anabautismo -- Meteoros en la Noche -- Un testimonio Excepcional -- La verdad es inmortal -- De Zollikon a Augsburgo -- Moravia y la comunidad de Bienes -- Menno Simons y el Anabautismo holandés -- El Anabautismo y la teología de la reforma -- El bautismo y el discipulado -- La iglesia y el estado -- Cruzando mares y a través de las edades. | |
| 526 | _aSEG42 | ||
| 526 | _aSEG41 | ||
| 526 | _aSEG40 | ||
| 526 | _aSEG39 | ||
| 526 | _aP94 | ||
| 526 | _aP87 | ||
| 526 | _aP86 | ||
| 526 | _aP85 | ||
| 526 | _aP77 | ||
| 526 | _aP76 | ||
| 526 | _aP35 | ||
| 650 | 0 | 4 | _aAnabautistas. |
| 910 |
_ajck _bjvq _cjck |
||
| 942 |
_2ddc _cBOOK |
||
| 949 |
_a286 E92 _wDEWEY _c1 _i18948 _lCCODEBUL1 _mBUL _p40.00 _r0 _sY _tBOOK _u1978'523 _xTEOLOGIA _zUNKNOWN _0COMPRA _o.STAFF. Colección Teología |
||
| 949 |
_a286 E92 _wDEWEY _c2 _i15787 _lCCODEBUL1 _mBUL _p40.00 _r0 _sY _tBOOK _u1978'523 _xTEOLOGIA _zUNKNOWN _0COMPRA _o.STAFF. Colección Teología |
||
| 994 |
_aC0 _bPEPRU |
||
| 596 | _a1 | ||
| 999 |
_a286 E92 _wDEWEY _c45078 _i18948 _d45078 _e2018-10-11 _f2021-11-12 _g6 _lCCODEBUL1 _mBUL _n1 _r0 _sY _tBOOK _u2015-6-16 _xTEOLOGIA _zUNKNOWN _0COMPRA _o.STAFF. Colección General |
||
| 999 |
_a286 E92 _wDEWEY _c2 _i15787 _d2018-10-5 _e2018-9-30 _f2021-11-12 _g6 _lCCODEBUL1 _mBUL _n5 _p40.00 _q1 _r0 _sY _tBOOK _u2015-6-16 _xTEOLOGIA _PP35 _0COMPRA _o.STAFF. Colección Teología |
||
| 980 |
_81 _gALBERTO SANCHEZ Responsable de Automatización |
||